000
00339 a2200109 4500
001
ART_11470
005
20260410161857.0
008
260409a
245
1
0
_a
Las políticas económicas en el gobierno de Alfonsín
100
1
_a
Visintini, Alfredo
773
0
_t
Revista de Economía
_g
- Nº 68 (ene./mar. 1993)
_w
REV11077
999
_c
25606
_d
25606